Score 0/9 Timer 01:00
0 Plays Today
Clue 4-Letter Word % Correct
First person possessiveMINE
90.1%
Mojito or julep ingredientMINT
84.2%
Stabby part of a forkTINE
76.7%
Add a small amount of color toTINT
76%
Donned a day agoWORE
50.5%
An area of deep slushy mudMIRE
47.9%
Author Thomas of 'Utopia'MORE
45.6%
Each rung of this ladderWORD
39%
Term describing the size of this ladderMINI
35.4%

Today's Daily Dose

Remove Ads.
Support Sporcle.
Get the best of Sporcle when you Go Orange. This ad-free experience offers more features, more stats, and more fun while also helping to support Sporcle. Thank you for becoming a member.

You're not logged in!

Compare scores with friends on all Sporcle quizzes.
OR
Log In

Show Comments

Extras

Top Quizzes Today


Score Distribution

Your Account Isn't Verified!

In order to create a playlist on Sporcle, you need to verify the email address you used during registration. Go to your Sporcle Settings to finish the process.

Report this User

Report this user for behavior that violates our Community Guidelines.

Details: